| 000 | 00421nam a2200181Ia 4500 | ||
|---|---|---|---|
| 001 | 16461 | ||
| 005 | 20260306170311.0 | ||
| 008 | 260306t2017||||xx |||||||||||||| ||und|| | ||
| 041 | _aESP | ||
| 082 |
_a348.6 _bG312 |
||
| 100 |
_aGaceta Jurídica _eAUT |
||
| 245 | 0 | _aRégimen normativo laboral | |
| 260 | _c2017 | ||
| 300 |
_a590 páginas : _c25 cm. |
||
| 650 | _aGEN | ||
| 654 | _aCDE | ||
| 942 |
_cLIB _dJUS _fJUS _2ddc _n |
||
| 999 |
_c16461 _d16461 |
||